各都道府県で最も文字数が多い鉄道駅名 - Statistics

General Stats
  • This quiz has been taken 114 times
  • The average score is 27 of 86
Answer Stats
県名 市区町村名 路線名 文字数 Answer % Correct
東京都 大田区 京浜急行電鉄/空港線 14 羽田空港第1・第2ターミナル
75%
山形県 東根市 東日本旅客鉄道/奥羽本線(山形新幹線) 7 さくらんぼ東根
73%
上山市 東日本旅客鉄道/奥羽本線(山形新幹線) 7 かみのやま温泉
68%
大阪府 大阪市此花区 西日本旅客鉄道/桜島線 9 ユニバーサルシティ
67%
奈良県 奈良市 近畿日本鉄道/けいはんな線 8 学研奈良登美ヶ丘
60%
恵庭市 北海道旅客鉄道/千歳線 9 サッポロビール庭園
59%
山梨県 都留郡富士河口湖町 富士山麓電気鉄道/富士急行線 8 富士急ハイランド
58%
千葉県 浦安市 舞浜リゾートライン/ディズニーリゾートライン 17 リゾートゲートウェイ・ステーション
55%
宮城県 仙台市太白区 仙台市交通局/東西線 7 八木山動物公園
53%
茨城県 鹿嶋市 鹿島臨海鉄道/大洗鹿島線 13 長者ヶ浜潮騒はまなす公園前
53%
鳥取県 鳥取市 西日本旅客鉄道/山陰本線 5 鳥取大学前
52%
浦添市 沖縄都市モノレール/沖縄都市モノレール線 5 てだこ浦西
52%
佐賀県 佐賀市 九州旅客鉄道/長崎本線(臨時駅) 6 バルーンさが
49%
徳島県 三好市 四国旅客鉄道/土讃線四国旅客鉄道/徳島線 4 阿波池田
48%
熊本県 阿蘇郡南阿蘇村 南阿蘇鉄道/高森線 14 南阿蘇水の生まれる里白水高原
48%
大阪市天王寺区 大阪市高速電気軌道/谷町線 9 四天王寺前夕陽ヶ丘
47%
浦安市 舞浜リゾートライン/ディズニーリゾートライン 17 東京ディズニーランド・ステーション
46%
福岡県 北九州市八幡東区 九州旅客鉄道/鹿児島本線 8 スペースワールド
46%
海部郡海陽町 四国旅客鉄道/牟岐線(阿佐海岸鉄道/阿佐東線※信号場扱い) 4 阿波海南
45%
那覇市 沖縄都市モノレール/沖縄都市モノレール線 5 おもろまち
45%
三重県 鈴鹿市 伊勢鉄道/伊勢線 9 鈴鹿サーキット稲生
44%
兵庫県 尼崎市 阪神電気鉄道/本線 10 尼崎センタープール前
44%
神埼郡吉野ヶ里町 九州旅客鉄道/長崎本線 6 吉野ケ里公園
44%
新潟県 糸魚川市 えちごトキめき鉄道/日本海ひすいライン 10 えちご押上ひすい海岸
42%
各務原市 名古屋鉄道/各務原線 7 各務原市役所前
42%
京都府 京都市北区 京福電気鉄道/北野線 17 等持院・立命館大学衣笠キャンパス前
40%
岐阜県 可児市 名古屋鉄道/広見線 7 日本ライン今渡
39%
香川県 さぬき市 四国旅客鉄道/高徳線 7 オレンジタウン
39%
横浜市都筑区 横浜市交通局/グリーンライン 8 都筑ふれあいの丘
38%
埼玉県 熊谷市 秩父鉄道/秩父本線 9 ソシオ流通センター
36%
島根県 松江市 一畑電車/北松江線 14 松江イングリッシュガーデン前
36%
群馬県 前橋市 上毛電気鉄道/上毛線 8 心臓血管センター
35%
西宮市 阪神電気鉄道/本線 10 鳴尾・武庫川女子大前
35%
福島県 伊達市 阿武隈急行/阿武隈急行線 11 やながわ希望の森公園前
34%
大阪市中央区 大阪市高速電気軌道/長堀鶴見緑地線 9 大阪ビジネスパーク
34%
小松島市 四国旅客鉄道/牟岐線 4 南小松島
34%
青森県 東津軽郡外ヶ浜町 青函トンネル記念館/青函トンネル竜飛斜坑線 9 青函トンネル記念館
33%
大阪市住之江区 大阪市高速電気軌道/南港ポートタウン線 9 フェリーターミナル
33%
富山県 富山市 富山地方鉄道/軌道線呉羽線 25 トヨタモビリティ富山Gスクエア五福前(五福末広町)
32%
榛原郡川根本町 大井川鐵道/井川線 7 アプトいちしろ
32%
沖縄県 那覇市 沖縄都市モノレール/沖縄都市モノレール線 5 奥武山公園
32%
岩手県 宮古市 三陸鉄道/リアス線 8 八木沢・宮古短大
27%
八頭郡八頭町 若桜鉄道/若桜線 5 八頭高校前
27%
長野県 松本市 アルピコ交通/上高地線 8 北新・松本大学前
26%
島田市 大井川鐵道/大井川本線 7 川根温泉笹間渡
26%
北海道 札幌市中央区 札幌市交通局/札幌市電山鼻西線 9 西線9条旭山公園通
26%
大阪市住之江区 大阪市高速電気軌道/南港ポートタウン線 9 トレードセンター前
25%
福岡市中央区 西日本鉄道/天神大牟田線 8 西鉄福岡(天神)
25%
大分市 九州旅客鉄道/豊肥本線 5 大分大学前
25%
秋田県 北秋田市 秋田内陸縦貫鉄道/秋田内陸線 6 阿仁前田温泉
24%
石川県 野々市市 北陸鉄道/石川線 6 野々市工大前
24%
山口県 岩国市 錦川鉄道/錦川清流線 6 清流みはらし
24%
えびの市 九州旅客鉄道/吉都線 5 えびの飯野
24%
栃木県 芳賀郡芳賀町 宇都宮ライトレール/宇都宮芳賀ライトレール線 14 芳賀町工業団地管理センター前
22%
吉野川市 四国旅客鉄道/徳島線 4 阿波川島
21%
郡上市 長良川鉄道/越美南線 7 みなみ子宝温泉
20%
静岡県 浜松市浜名区 天竜浜名湖鉄道/天竜浜名湖線 7 フルーツパーク
20%
鹿児島県 鹿児島市 鹿児島市交通局/第二期線鹿児島市交通局/唐湊線 7 鹿児島中央駅前
20%
神奈川県 横浜市金沢区 横浜シーサイドライン/金沢シーサイドライン 8 産業振興センター
19%
福井県 坂井市 えちぜん鉄道/三国芦原線 10 太郎丸エンゼルランド
19%
愛知県 名古屋市瑞穂区 名古屋市交通局/名城線 10 総合リハビリセンター
19%
鳴門市 四国旅客鉄道/鳴門線 4 金比羅前
19%
徳島市 四国旅客鉄道/牟岐線 4 阿波富田
19%
海部郡美波町 四国旅客鉄道/牟岐線(臨時駅) 4 田井ノ浜
19%
宮崎県 えびの市 九州旅客鉄道/吉都線 5 えびの上江
19%
那覇市 沖縄都市モノレール/沖縄都市モノレール線 5 市立病院前
19%
和歌山県 和歌山市 和歌山電鐵/貴志川線 7 交通センター前
18%
三好郡東みよし町 四国旅客鉄道/徳島線 4 阿波加茂
18%
吉野川市 四国旅客鉄道/徳島線 4 阿波山川
16%
愛媛県 東温市 伊予鉄道/横河原線 7 愛大医学部南口
16%
大分県 宇佐市 九州旅客鉄道/日豊本線 5 豊前善光寺
16%
三好市 四国旅客鉄道/土讃線 4 阿波川口
15%
北九州市門司区 平成筑豊鉄道/門司港レトロ観光線 8 ノーフォーク広場
15%
滋賀県 大津市 比叡山鉄道/比叡山鉄道線 7 ケーブル延暦寺
13%
板野郡板野町 四国旅客鉄道/高徳線 4 阿波大宮
13%
板野郡板野町 四国旅客鉄道/高徳線 4 阿波川端
13%
鳴門市 四国旅客鉄道/鳴門線 4 阿波大谷
13%
徳島市 四国旅客鉄道/牟岐線 4 文化の森
13%
阿南市 四国旅客鉄道/牟岐線 4 阿波福井
13%
高知県 高知市 とさでん交通/後免線 12 デンテツターミナルビル前
13%
岡山県 岡山市東区 岡山電気軌道/東山本線 18 西大寺町・岡山芸術創造劇場ハレノワ前
12%
小松島市 四国旅客鉄道/牟岐線 4 阿波赤石
11%
阿南市 四国旅客鉄道/牟岐線 4 阿波中島
9%
美馬郡つるぎ町 四国旅客鉄道/徳島線 4 阿波半田
9%
長崎県 長崎市 長崎電気軌道/大浦支線 9 メディカルセンター
7%
広島県 廿日市市 広島電鉄/宮島線 11 廿日市市役所前(平良)
6%
No matching quizzes found
Score Distribution
Percent of People with Each Score
Percentile by Number Answered
Your Score History
You have not taken this quiz